000
00317nam a2200121Ia 4500
008
220204s9999 xx 000 0 und d
082
_a
678.023.3
_b
BOR
100
_a
Borzenski, F.J
245
0
_a
Tangential and intermeshing batch mixers
260
_a
New Delhi
_b
2002
505
_a
Asia Rubtech Expo 2002
942
_c
BK
999
_c
44047
_d
44047